Докладная записка (черновик) о крестьянских волнениях в Киевской губернии

RUSMARC
00004429nac2a22003013x 450
00119a50d1f-9bf6-4634-9230-94c76369e949
00520240819164411.0
100##$a20240716l1880 k y0rusy50 ca
1010#$arus
102##$aRU
105##$ay z |||||
1220#$ad18800709
2001#$aДокладная записка (черновик) о крестьянских волнениях в Киевской губернии
$j09.07.1880
215##$a2 листа
$d36,8 х 23,8
251##$cДело
300##$aРукописный текст
325##$aЗамикрофильмировано
330##$aВходит в раздел описи: Материалы, относящиеся к деятельности Лорис-Меликова М. Т. в Верховной Распорядительной Комиссии
461#0$1001cda3d175-ae4a-411a-8dea-9cc20fb178f6
$12001
$aЛорис-Меликов Михаил Тариелович, граф, министр внутренних дел, главный начальник "верховной распорядительной комиссии по охранению государственного порядка и общественного спокойствия", генерал от кавалерии
$1251
$cФонд
$1852
$j569
462#0$1001163e060a-d7cc-404d-90ee-e28c9801971b
$12001
$aОпись дел фонда М. Т. Лорис-Меликова за 1858-1915 гг.
$vД. 56
$1251
$cОпись
$1852
$j1
605##$3DITM\AF\0000002775
$aВласть
$lколлекция
$2acquisition_prlib
607##$aКиевская губерния
6101#$aКрестьянские волнения
686##$a63.3(2)535-332ю1
$cИстория
$2rubbk
686##$a67.400.6ю1
$cПраво
$2rubbk
801#0$aRU
$bGA_RF
801#1$aRU
$bГлавНИВЦ
$c20240716
$2rusmarc
801#2$aRU
$bПБ им. Б.Н. Ельцина
$c20240819
$gRCR
$2rusmarc
852##$aГА РФ
$j56
937##$d193620075
$hГАРФ
035##$aRuPRLIB51076408
856##$uhttp://readingroom.main.prlib.ru/item.aspx?id_node=n193620075&mode=full
Формат отображения